| 000 | 00574nam a2200145Ia 4500 | ||
|---|---|---|---|
| 008 | 100204s9999 xx 000 0 und d | ||
| 082 | _b24514 | ||
| 100 | _aपांढरीपांडे विजय | ||
| 245 | _aनव्या शतकाच्या उंबरठयावर | ||
| 260 |
_b"मेनका प्रकाशन , पुणे" _c2000 |
||
| 300 | _a299 | ||
| 630 | _aनव्या शतकाच्या उंबरठयावर | ||
| 730 | _aनव्या शतकाच्या उंबरठयावर | ||
| 942 | _cBOOK | ||
| 999 |
_c469695 _d469692 |
||